000 00771nab a2200241 4500
003 BR-BrBNA
005 20260307213411.0
008 260307b bl.||||| |||| 00| 0 por d
040 _aBR-BrBNA
_bpor
072 _aF01 ; E70 ; E71 ; E72
_b1470
100 _aSantos, Bruno
245 _aPérola verde
_bAgronegócios
500 _a4 illus.
650 _aERVILHA
650 _aÉPOCA DE PLANTIO
650 _aENTRESSAFRA
650 _aCOMERCIALIZAÇÃO
650 _aMERCADO INTERNO
650 _aEXPORTAÇÃO
773 0 _01706
_9348142
_dSão Paulo-SP Editora Três Ltda - E-mail: luizfsa@revistadinheiro.com.br 2004
_o2025-0633
_tDinheiro Rural (Brazil)
_x1807-3700
_gv. 9(120) p. 72-74; (Nov 2014)
_wBR2026000352
942 _cANA
999 _c340318
_d340318